Commonwealth Countries - World Map Sudden Death - Statistics

General Stats
  • This quiz has been taken 13,058 times
    13,026 since last reset
  • The average score is 13 of 27
Answers on the Grid
Answers color-coded by a green-red scale on the quiz's grid according to % correct below.
 
Answer Stats
Answer % Correct
United Kingdom
77%
Canada
75%
Canada
74%
Canada, Bahamas
74%
Canada
73%
Canada
73%
Australia, Papua New Guinea
60%
Australia
59%
Vanuatu, Solomon Islands, Fiji, + others
59%
Australia, New Zealand
59%
Malta
57%
Belize, Jamaica, Bahamas, + others
49%
India, Sri Lanka, Malaysia, + others
49%
South Africa, Lesotho
48%
Gabon, Namibia, Botswana, + others
47%
Uganda, Tanzania, Kenya
47%
Seychelles, Tanzania, Mozambique, + others
44%
Cyprus
43%
Pakistan, India, Bangladesh
42%
Cameroon, Nigeria, Ghana, + others
39%
Malaysia
33%
Sierra Leone
26%
Kiribati, Nauru
25%
Kiribati
13%
Kiribati
12%
Belize
12%
United Kingdom (Falklands)
11%
No matching quizzes found
Score Distribution
Percent of People with Each Score
Percentile by Number Answered
Your Score History
You have not taken this quiz since the last reset